Score 0/32 Timer 05:00
0 Plays Today
Clue % Correct
★DIAL★
93.4%
BELL
92.2%
TELL
91%
ROLE
90.9%
★NORTH★
90%
TEAL
88.9%
ROLL
87.6%
DUAL
87.4%
BOLL
84.6%
PULL
82.8%
POLL
82.2%
FORTH
81.8%
REAL
79.6%
DULL
78.9%
BEADS
76.9%
POLE
75%
Clue % Correct
BOUTS
74.4%
ROUGE
74.3%
FORTE
74.1%
BOATS
74.1%
ROUTE
73.1%
★REAR★
72.8%
BEATS
70.8%
★ROPE★
69.1%
ROUTS
67.1%
BENDS
65%
GOUGE
63.4%
★BIRDS★
63.3%
POPE
62.6%
GORGE
62.5%
FORGE
61.7%
BINDS
57.1%

Today's Daily Dose

Remove Ads.
Support Sporcle.
Get the best of Sporcle when you Go Orange. This ad-free experience offers more features, more stats, and more fun while also helping to support Sporcle. Thank you for becoming a member.

You're not logged in!

Compare scores with friends on all Sporcle quizzes.
OR
Log In

Show Comments

Extras

Top Quizzes Today


Score Distribution

Your Account Isn't Verified!

In order to create a playlist on Sporcle, you need to verify the email address you used during registration. Go to your Sporcle Settings to finish the process.

Report this User

Report this user for behavior that violates our Community Guidelines.

Details: